00444nam a2200133Ia 4500008004100000020000600041100001600047245002300063260008700086300001000173942002500183952008700208999001500295250518s9999 xx 000 0 und d a0 aGeoff Manll 0aPure Mathematics 2 a"Halley Court,jordan Hill, oxford, OX28EJ"bHeinemann Educational Publishersc2000 a206p. h-iMAN cADe06_MAN 92591aKFPLbKFPLcREFd2025-05-18l0o510pKL-2024-000315r2025-05-18 13:00:38yAD c2181d2181